The best of times : (Record no. 7437)

MARC details
000 -LEADER
fixed length control field 00887nam a22002657a 4500
001 - CONTROL NUMBER
control field 7437
003 - CONTROL NUMBER IDENTIFIER
control field FISKH
005 - DATE AND TIME OF LATEST TRANSACTION
control field 20250716082931.0
008 - FIXED-LENGTH DATA ELEMENTS--GENERAL INFORMATION
fixed length control field 250716b cb ||||| |||| 00| 0 eng d
040 ## - CATALOGING SOURCE
Original cataloging agency FISKH
Language of cataloging eng
Transcribing agency FISKH
Modifying agency FISKH
050 ## - LIBRARY OF CONGRESS CALL NUMBER
Classification number QA115 .T357
082 ## - DEWEY DECIMAL CLASSIFICATION NUMBER
Classification number 513.21
100 ## - MAIN ENTRY--PERSONAL NAME
Personal name Tang, Greg
245 ## - TITLE STATEMENT
Title The best of times :
Remainder of title Math strategies that multiply /
Statement of responsibility, etc. by Greg Tang ; Illustrated by Harry Briggs
260 ## - PUBLICATION, DISTRIBUTION, ETC.
Place of publication, distribution, etc. New York :
Name of publisher, distributor, etc. Scholastic,
Date of publication, distribution, etc. 2002.
300 ## - PHYSICAL DESCRIPTION
Extent 32 pages :
Other physical details color illustrations ;
Dimensions 26 cm
505 ## - FORMATTED CONTENTS NOTE
Formatted contents note L<br/>
520 ## - SUMMARY, ETC.
Summary, etc. Simple rhymes offer hints on how to multiply any number by zero through ten without memorizing the multiplication tables.
521 8# - TARGET AUDIENCE NOTE
Target audience note 520<br/>
Source Lexile<br/>
521 8# - TARGET AUDIENCE NOTE
Target audience note L<br/>
Source Raz-Plus<br/>
650 ## - SUBJECT ADDED ENTRY--TOPICAL TERM
Topical term or geographic name entry element Problem Solving
Form subdivision Strategies
General subdivision Math Stories
700 ## - ADDED ENTRY--PERSONAL NAME
Personal name Briggs, Harry
Relator term illustrator
942 ## - ADDED ENTRY ELEMENTS (KOHA)
Source of classification or shelving scheme Dewey Decimal Classification
Koha item type Books
Suppress in OPAC No
Holdings
Withdrawn status Lost status Source of classification or shelving scheme Damaged status Not for loan Collection Home library Current library Shelving location Date acquired Total Checkouts Full call number Barcode Date last seen Copy number Price effective from Koha item type
    Dewey Decimal Classification     Non-Fiction Footprints International School Library Network Toul Kork Campus Footprints International School Library Network Toul Kork Campus TK Primary Library Room(4th Floor), Bookcase 3&4, Shelves 17-32, Yellow Books 07/16/2025   TAN 513.213 QA115 .T357 FISTK02063 07/16/2025 1 07/16/2025 Books